<?xml version="1.0" encoding="UTF-8"?>
<record
    xmlns:xsi="http://www.w3.org/2001/XMLSchema-instance"
    xsi:schemaLocation="http://www.loc.gov/MARC21/slim http://www.loc.gov/standards/marcxml/schema/MARC21slim.xsd"
    xmlns="http://www.loc.gov/MARC21/slim">

  <leader>00711cam a22002411  4500</leader>
  <controlfield tag="001">sa 65001109 </controlfield>
  <controlfield tag="003">DLC</controlfield>
  <controlfield tag="005">20260227112107.0</controlfield>
  <controlfield tag="008">860923s1962    ii            000 0 telx </controlfield>
  <datafield tag="010" ind1=" " ind2=" ">
    <subfield code="a">sa 65001109 </subfield>
  </datafield>
  <datafield tag="025" ind1=" " ind2=" ">
    <subfield code="a">PL480:I-Te-668</subfield>
  </datafield>
  <datafield tag="035" ind1=" " ind2=" ">
    <subfield code="a">(OCoLC)15302337</subfield>
  </datafield>
  <datafield tag="040" ind1=" " ind2=" ">
    <subfield code="a">DLC</subfield>
    <subfield code="c">NN</subfield>
    <subfield code="d">DLC</subfield>
  </datafield>
  <datafield tag="042" ind1=" " ind2=" ">
    <subfield code="a">premarc</subfield>
  </datafield>
  <datafield tag="050" ind1="0" ind2="0">
    <subfield code="a">PL4780.9.A49</subfield>
    <subfield code="b">P6</subfield>
  </datafield>
  <datafield tag="100" ind1="2" ind2=" ">
    <subfield code="a">&#x100;&#xF1;jan&#x113;ya Pras&#x101;d, P&#x14D;l&#x16B;ri.</subfield>
  </datafield>
  <datafield tag="245" ind1="1" ind2="0">
    <subfield code="a">P&#x14D;tana.</subfield>
    <subfield code="c">Racana: P&#x14D;l&#x16B;ri &#x100;&#xF1;jan&#x113;ya Pras&#x101;d.</subfield>
  </datafield>
  <datafield tag="260" ind1=" " ind2=" ">
    <subfield code="a">[Gu&#x1E47;&#x1E6D;&#x16B;ru?]</subfield>
    <subfield code="b">Koll&#x16B;ru Paurulu;</subfield>
    <subfield code="b">[pratulaku: P&#x14D;tana Grantham&#x101;la, Koll&#x16B;ru,</subfield>
    <subfield code="c">1962?]</subfield>
  </datafield>
  <datafield tag="300" ind1=" " ind2=" ">
    <subfield code="a">vi, 53 p.</subfield>
    <subfield code="c">19 cm.</subfield>
  </datafield>
  <datafield tag="500" ind1=" " ind2=" ">
    <subfield code="a">In Telugu.</subfield>
  </datafield>
  <datafield tag="500" ind1=" " ind2=" ">
    <subfield code="a">A poem.</subfield>
  </datafield>
  <datafield tag="600" ind1="0" ind2="0">
    <subfield code="a">P&#x14D;tana,</subfield>
    <subfield code="d">active 15th century</subfield>
    <subfield code="v">Poetry.</subfield>
  </datafield>
  <datafield tag="999" ind1=" " ind2=" ">
    <subfield code="c">61897</subfield>
    <subfield code="d">61897</subfield>
  </datafield>
</record>
